Herbert Hoover--a bibliography : his writings and addresses /

Bibliographic Details
Main Author: Tracey, Kathleen
Format: Book
Language:English
Published: Stanford, Calif. : Hoover Institution Press, [1977]
Series:Hoover bibliographical series ; 58.
Subjects:

MARC

Tag First Indicator Second Indicator Subfields
LEADER 00000cam a2200000 i 4500
001 in00000594321
005 20160602115142.0
008 780124s1977 cau b 00110 eng
010 |a  77077563  
020 |a 0817925813 
035 |a (OCoLC)03650955 
035 |9 ACS2737AM 
040 |a DLC  |c DLC  |d TXA  |d UtOrBLW 
049 |a TXAM  |c [1537394] 
050 0 0 |a Z8414.97  |b .T7  |a E802 
050 0 0 |a E802  |b .T73 1977 
082 0 |a 016.973916/092/4 
100 1 |a Tracey, Kathleen. 
245 1 0 |a Herbert Hoover--a bibliography :  |b his writings and addresses /  |c compiled by Kathleen Tracey. 
264 1 |a Stanford, Calif. :  |b Hoover Institution Press,  |c [1977] 
264 4 |c ©1977 
300 |a xiii, 202 pages ;  |c 24 cm. 
336 |a text  |b txt  |2 rdacontent 
337 |a unmediated  |b n  |2 rdamedia 
338 |a volume  |b nc  |2 rdacarrier 
490 1 |a Hoover bibliographical series ;  |v 58 
500 |a Includes indexes. 
600 1 0 |a Hoover, Herbert,  |d 1874-1964  |x Bibliography. 
830 0 |a Hoover bibliographical series ;  |v 58. 
999 |a MARS 
999 f f |s 204bedf3-c30b-344d-a2e1-950d2636b6e8  |i 5139552a-175d-35b7-aa43-0ed0c37957e2  |t 0 
952 f f |p ric  |a Texas A&M University  |b Rellis Campus  |c Joint Library Facility  |d Remote Storage  |t 0  |e Z8414.97 .T7  |h Library of Congress classification  |i unmediated -- volume  |m A14805822674 
998 f f |a Z8414.97 .T7  |t 0  |l Remote Storage